Festival de Bellver / (Registro nro. 131229)

Detalles MARC
000 -LEADER
campo de control de longitud fija 00534nam a2200169 4500
001 - NÚMERO DE CONTROL
campo de control 131229
003 - IDENTIFICADOR DE NÚMERO DE CONTROL
campo de control ES-MaACL
005 - FECHA Y HORA DE LA ÚLTIMA TRANSACCIÓN
campo de control 20230906193936.0
007 - CAMPO FIJO DE DESCRIPCIÓN FÍSICA--INFORMACIÓN GENERAL
campo de control de longitud fija t|
008 - DATOS DE LONGITUD FIJA--INFORMACIÓN GENERAL
campo de control de longitud fija 070214s1956 sp r ||||1| spa d
100 1# - ENTRADA PRINCIPAL--NOMBRE DE PERSONA
Nombre de persona Robinson, Clyde.
9 (RLIN) 97882
245 10 - MENCIÓN DEL TÍTULO
Título Festival de Bellver /
Mención de responsabilidad, etc. by Clyde Robinson ; music by Juan María Thomas.
260 ## - PUBLICACIÓN, DISTRIBUCIÓN, ETC.
Lugar de publicación, distribución, etc. Palma de Mallorca :
Nombre del editor, distribuidor, etc. [s. n.],
Fecha de publicación, distribución, etc. 1956 (
Fabricante Imp. Alcover)
300 ## - DESCRIPCIÓN FÍSICA
Extensión 14 h. :
Otras características físicas il. ;
Dimensiones 30 cm.
700 1# - ENTRADA AGREGADA--NOMBRE PERSONAL
Nombre de persona Thomàs Sabater, Joan Maria.
9 (RLIN) 110056
852 ## - LOCALIZACIÓN
Ubicación ES-MaACL
Número de control de estantería 2063-F-10
Sublocalización o colección R.60552
Existencias
Estatus retirado Estado de pérdida Estado de daño No para préstamo Colección Biblioteca de origen Biblioteca actual Ubicación en estantería Fecha de adquisición Fuente de adquisición Total de préstamos Signatura topográfica completa Código de barras Visto por última vez Precio de reemplazo Tipo de ítem Koha
        Colección de folletos Biblioteca del Ateneo de Madrid Biblioteca del Ateneo de Madrid Depósito folletos 17/01/2008     2063-F-10 1136621 23/02/2023 23/02/2023 Folleto